000
00330nam a2200145Ia 4500
005
20251222144846.0
008
251222s9999||||xx |||||||||||||| ||spa||
020
_a
9972847616
082
_a
863.6/R84/2005
100
_a
Rosas, Patrick
245
0
_a
Sombras
250
_a
1ra. ed.
264
_b
Santillana, S. A.
942
_c
LIB
999
_c
21421
_d
21421